| 000 | 01148cam a2200193 a 4500 | ||
|---|---|---|---|
| 003 | OSt | ||
| 008 | 220207b ||||| |||| 00| 0 eng d | ||
| 020 | _a0824708865 (alk. paper) | ||
| 082 | 0 | 0 |
_a620.106 _bCUR/FU |
| 100 | 1 |
_aCurrie, Iain G. _95168 |
|
| 245 | 1 | 0 | _aFundamental mechanics of fluids / |
| 250 | _a3rd ed. | ||
| 260 |
_aBoca Raton : _bCRC Press, _cc2006. |
||
| 300 |
_axiv, 525 p. : _bill. ; |
||
| 490 | 1 | _aMechanical engineering ; | |
| 505 | _aPart I. Governing Equations 1. Basic Conservation Laws 2. Flow Kinematics 3. Special Forms of the Governing Equations Part II. Ideal-Fluid Flow 4. Two-Dimensional Potential Flows 5. Three-Dimensional Potential Flows 6. Surface Waves Part III. Viscous Flows of Incompressible Fluids 7. Exact Solutions 8. Low-Reynolds-Number Solutions 9. Boundary Layers 10. Buoyancy-Driven Flows Part IV. Compressible Flow of Inviscid Fluids 11. Shock Waves 12. One-Dimensional Flows 13. Multidimensional Flows | ||
| 650 | 0 |
_aFluid mechanics. _9163 |
|
| 942 | _cBK | ||
| 999 |
_c13902 _d13902 |
||